Desarrollo de un sistema de información web de gestión de pacientes que facilite el manejo de la información en el centro teletón Región Central Juigalpa departamento Chontales
El desarrollo de dicho proyecto tiene como objetivo aportar a una modernización en la institución Teletón, que permite la facilidad de manejo de información, reducir tiempos de atención, mostrar datos estadísticos para la toma de decisiones, adaptándose a los cambios y propuestas del personal...
| Main Authors: | , , |
|---|---|
| Other Authors: | |
| Format: | Tesis Section = Libro |
| Language: | Undetermined Spanish |
| Published: |
Managua
UNI RURC
2022
|
| Subjects: |
| LEADER | 01422nam a2200277Ia 4500 | ||
|---|---|---|---|
| 008 | 240830s9999 xx 000 0 und d | ||
| 040 | |a BIBLIOTECA-RUPAP/ Mon 005.74 G984 | ||
| 041 | |a spa | ||
| 082 | |a Mon 005.74 G984 | ||
| 100 | 1 | |a Gutiérrez Corea, Javier Antonio | |
| 100 | 1 | |b Cornejo Hernández, Edwin Isaac | |
| 100 | 1 | |c Díaz Mayorga, Gabriel Alejandro | |
| 245 | 1 | 0 | |a Desarrollo de un sistema de información web de gestión de pacientes que facilite el manejo de la información en el centro teletón Región Central Juigalpa departamento Chontales |
| 260 | |a Managua |b UNI RURC |c 2022 | ||
| 300 | |a 166 p. :il. | ||
| 500 | |a Contiene: anexos y CD. | ||
| 502 | |a Tesis (Ingeniero de Sistemas) - UNI, 2022. | ||
| 520 | 3 | |a El desarrollo de dicho proyecto tiene como objetivo aportar a una modernización en la institución Teletón, que permite la facilidad de manejo de información, reducir tiempos de atención, mostrar datos estadísticos para la toma de decisiones, adaptándose a los cambios y propuestas del personal que ahí labora, todo con la intención de proponer mejoras en la atención de pacientes y las diferentes áreas de atención. | |
| 650 | 7 | |a SISTEMA DE INFORMACION WEB | |
| 650 | 7 | |b DESARROLLO DE SOFTWARE | |
| 650 | 7 | |c BASES DE DATOS | |
| 650 | 7 | |d SISTEMA INFORMATICO | |
| 700 | 1 | |a Tutor: |b Centeno, Lester Anselmo | |
| 942 | |c BK |2 ddc | ||
| 991 | |a Tesis | ||
| 999 | |c 27600 | ||